Asamar sanskriti kosh (A) (Record no. 9218)

MARC details
000 -LEADER
fixed length control field 00508cam a2200205ua 4500
008 - FIXED-LENGTH DATA ELEMENTS--GENERAL INFORMATION
fixed length control field 171016n ii |||gr||||Z||||||asm
020 ## - INTERNATIONAL STANDARD BOOK NUMBER
International Standard Book Number 9789381485736
040 ## - CATALOGING SOURCE
Transcribing agency MAIN
041 ## - LANGUAGE CODE
-- asm
082 ## - DEWEY DECIMAL CLASSIFICATION NUMBER
Classification number 398.0954162
100 ## - MAIN ENTRY--PERSONAL NAME
Personal name Das, Narayan,
Relator term
245 ## - TITLE STATEMENT
Title Asamar sanskriti kosh (A)
Statement of responsibility, etc. Ed. by Narayan Das and others
250 ## - EDITION STATEMENT
Edition statement 2nd ed.
260 ## - PUBLICATION, DISTRIBUTION, ETC.
Place of publication, distribution, etc. Guwahaati:
Name of publisher, distributor, etc. Jyoti prakashan,
Date of publication, distribution, etc. 2014.
300 ## - PHYSICAL DESCRIPTION
Extent 635p.
942 ## - ADDED ENTRY ELEMENTS (KOHA)
Koha item type Books
653 ## - INDEX TERM--UNCONTROLLED
Uncontrolled term Folklore
653 ## - INDEX TERM--UNCONTROLLED
Uncontrolled term Culture of Assam
Holdings
Withdrawn status Lost status Damaged status Not for loan Home library Current library Shelving location Date acquired Total Checkouts Full call number Barcode Date last seen Date last checked out Copy number Price effective from Koha item type
        Central Library, Naharkatiya College Central Library, Naharkatiya College General Stacks 19/09/2020 2 398.0954162 | ASA 24084 24/09/2024 18/09/2024 2 19/09/2020 Books
        Central Library, Naharkatiya College Central Library, Naharkatiya College General Stacks 19/09/2020 2 398.0954162 | ASA 24085 02/09/2025 26/08/2025 1 19/09/2020 Books

Naharkatiya College © 2020. All rights reserved.

Powered By